[Event "ABC 2024 Utrecht, Groep B"]
[Site "Utrecht"]
[Date "2024.03.09"]
[Round "1.3"]
[White "Van Haaften, Jelle"]
[Black "Pathak, Raghav"]
[Result "0-1"]
[WhiteElo "1750"]
[BlackElo "1960"]

1. c4 {[%clk 00:55:17]} {[%emt 00:00:02]} e6 {[%clk 00:55:13]} {[%emt
00:00:07]} 2. Nc3 {[%clk 00:55:22]} {[%emt 00:00:06]} d5 {[%clk 00:55:19]}
{[%emt 00:00:03]} 3. e3 {[%clk 00:55:24]} {[%emt 00:00:08]} Nf6 {[%clk
00:55:21]} {[%emt 00:00:09]} 4. Nf3 {[%clk 00:55:28]} {[%emt 00:00:06]} Be7
{[%clk 00:55:23]} {[%emt 00:00:08]} 5. Be2 {[%clk 00:55:32]} {[%emt 00:00:06]}
O-O {[%clk 00:55:26]} {[%emt 00:00:06]} 6. O-O {[%clk 00:55:35]} {[%emt
00:00:07]} c5 {[%clk 00:55:29]} {[%emt 00:00:08]} 7. cxd5 {[%clk 00:54:53]}
{[%emt 00:00:51]} exd5 {[%clk 00:55:24]} {[%emt 00:00:15]} 8. d4 {[%clk
00:54:55]} {[%emt 00:00:08]} c4 {[%clk 00:55:15]} {[%emt 00:00:20]} 9. b3
{[%clk 00:53:26]} {[%emt 00:01:38]} cxb3 {[%clk 00:55:19]} {[%emt 00:00:06]} 10.
Qxb3 {[%clk 00:53:24]} {[%emt 00:00:12]} Nc6 {[%clk 00:55:19]} {[%emt
00:00:10]} 11. Ba3 {[%clk 00:51:38]} {[%emt 00:01:56]} Bxa3 {[%clk 00:54:23]}
{[%emt 00:01:06]} 12. Qxa3 {[%clk 00:51:39]} {[%emt 00:00:09]} Bf5 {[%clk
00:52:59]} {[%emt 00:01:34]} 13. Nh4 {[%clk 00:47:51]} {[%emt 00:03:58]} Be6
{[%clk 00:52:25]} {[%emt 00:00:44]} 14. Bd3 {[%clk 00:47:10]} {[%emt 00:00:51]}
a6 {[%clk 00:46:43]} {[%emt 00:05:53]} 15. Rfc1 {[%clk 00:46:14]} {[%emt
00:01:06]} b5 {[%clk 00:46:24]} {[%emt 00:00:29]} 16. Ne2 {[%clk 00:39:45]}
{[%emt 00:06:38]} Na5 {[%clk 00:44:38]} {[%emt 00:01:56]} 17. Qb4 {[%clk
00:37:32]} {[%emt 00:02:22]} Nc4 {[%clk 00:44:23]} {[%emt 00:00:27]} 18. a4
{[%clk 00:37:18]} {[%emt 00:00:24]} a5 {[%clk 00:42:39]} {[%emt 00:01:54]} 19.
Qxb5 {[%clk 00:29:40]} {[%emt 00:07:47]} Rb8 {[%clk 00:42:35]} {[%emt
00:00:15]} 20. Bxc4 {[%clk 00:29:26]} {[%emt 00:00:24]} Rxb5 {[%clk 00:42:27]}
{[%emt 00:00:18]} 21. Bxb5 {[%clk 00:29:26]} {[%emt 00:00:09]} Bg4 {[%clk
00:41:12]} {[%emt 00:01:26]} 22. h3 {[%clk 00:25:30]} Ne4 {[%clk 00:39:44]}
{[%emt 00:05:43]} 23. hxg4 {[%clk 00:23:27]} {[%emt 00:02:13]} Qxh4 {[%clk
00:39:43]} {[%emt 00:00:11]} 24. g3 {[%clk 00:22:25]} {[%emt 00:01:12]} Qxg4
{[%clk 00:38:30]} {[%emt 00:01:24]} 25. Nf4 {[%clk 00:22:17]} {[%emt 00:00:18]}
h6 {[%clk 00:30:15]} {[%emt 00:08:25]} 26. Bc6 {[%clk 00:19:24]} {[%emt
00:03:02]} Qf3 {[%clk 00:26:07]} {[%emt 00:02:17]} 27. Ra2 {[%clk 00:19:04]}
{[%emt 00:02:32]} Rc8 {[%clk 00:25:23]} {[%emt 00:00:52]} 28. Rac2 {[%clk
00:17:39]} {[%emt 00:01:36]} Rxc6 {[%clk 00:25:21]} {[%emt 00:00:12]} 29. Nxd5
{[%clk 00:16:06]} {[%emt 00:01:43]} Rxc2 {[%clk 00:25:20]} {[%emt 00:00:11]}
0-1

[Event "ABC 2024 Utrecht, Groep B"]
[Site "Utrecht"]
[Date "2024.03.09"]
[Round "1.4"]
[White "Kshirsagar, Pranav"]
[Black "Cloosterman, Teun"]
[Result "1-0"]
[WhiteElo "1956"]
[BlackElo "1735"]

1. Nf3 {[%clk 00:55:16]} Nf6 {[%clk 00:55:11]} {[%emt 00:29:59]} 2. d4 {[%clk
00:55:11]} {[%emt 00:00:16]} g6 {[%clk 00:55:15]} {[%emt 00:00:06]} 3. c4
{[%clk 00:55:02]} {[%emt 00:00:19]} d5 {[%clk 00:55:21]} {[%emt 00:00:03]} 4.
Nc3 {[%clk 00:54:58]} {[%emt 00:00:14]} Bg7 {[%clk 00:54:46]} {[%emt 00:00:45]}
5. Bf4 {[%clk 00:54:25]} {[%emt 00:00:43]} O-O {[%clk 00:52:16]} {[%emt
00:02:41]} 6. e3 {[%clk 00:54:25]} {[%emt 00:00:09]} e6 {[%clk 00:48:13]}
{[%emt 00:04:12]} 7. Bd3 {[%clk 00:53:48]} {[%emt 00:00:48]} a6 {[%clk
00:45:06]} {[%emt 00:03:18]} 8. Rc1 {[%clk 00:53:07]} {[%emt 00:00:51]} Nbd7
{[%clk 00:42:37]} {[%emt 00:02:38]} 9. h3 {[%emt 00:03:51]} c5 {[%emt
00:01:15]} 10. cxd5 {[%clk 00:48:38]} {[%emt 00:00:30]} exd5 11. Bd6 {[%emt
00:05:51]} cxd4 {[%emt 00:06:34]} 12. Bxf8 {[%emt 00:00:42]} dxc3 {[%clk
00:35:33]} {[%emt 00:00:10]} 13. Bxg7 {[%clk 00:35:30]} cxb2 14. Bxf6 {[%clk
00:35:03]} {[%emt 00:10:25]} bxc1=Q {[%clk 00:30:33]} 15. Bxd8 {[%clk
00:34:58]} Qc3+ 16. Ke2 {[%clk 00:30:53]} {[%emt 00:03:28]} Nc5 {[%clk
00:27:56]} 17. Qc2 Qxd3+ {[%clk 00:28:31]} 18. Qxd3 {[%clk 00:30:53]} Nxd3
{[%clk 00:28:31]} 19. Kxd3 {[%clk 00:30:53]} Bf5+ {[%clk 00:27:54]} {[%emt
00:10:50]} 20. Kd4 Rxd8 {[%emt 00:07:22]} 21. Rc1 {[%emt 00:00:24]} Rc8 {[%emt
00:01:21]} 22. Rxc8+ {[%clk 00:19:51]} {[%emt 00:00:10]} Bxc8 23. Kc5 {[%emt
00:05:56]} b5 {[%emt 00:00:38]} 24. Nd4 {[%emt 00:02:41]} Kf8 {[%clk 00:19:33]}
{[%emt 00:00:02]} 25. g4 {[%clk 00:14:31]} {[%emt 00:04:59]} Ke7 {[%clk
00:18:12]} {[%emt 00:01:31]} 26. Kxd5 {[%clk 00:12:27]} {[%emt 00:02:15]} Kd7
{[%clk 00:16:49]} {[%emt 00:01:32]} 27. Kc5 {[%clk 00:10:40]} {[%emt 00:01:57]}
Kc7 {[%clk 00:15:39]} {[%emt 00:01:21]} 28. f4 {[%clk 00:09:08]} {[%emt
00:01:41]} h5 {[%clk 00:13:20]} {[%emt 00:02:28]} 29. gxh5 {[%clk 00:09:05]}
{[%emt 00:00:14]} gxh5 {[%clk 00:13:20]} {[%emt 00:00:10]} 30. h4 {[%clk
00:07:46]} {[%emt 00:01:29]} Bb7 {[%clk 00:12:35]} {[%emt 00:00:55]} 31. Nf5
{[%clk 00:06:52]} {[%emt 00:01:03]} Bc8 {[%clk 00:11:17]} {[%emt 00:01:29]} 32.
Nd6 {[%clk 00:05:24]} {[%emt 00:01:38]} Be6 {[%clk 00:11:03]} {[%emt 00:00:24]}
33. a3 {[%clk 00:05:29]} {[%emt 00:00:05]} f5 {[%clk 00:09:47]} {[%emt
00:01:26]} 34. Ne8+ {[%clk 00:05:18]} {[%emt 00:00:21]} 1-0

[Event "ABC 2024 Utrecht, Groep B"]
[Site "Utrecht"]
[Date "2024.03.09"]
[Round "1.5"]
[White "Katpatal, Akshaj"]
[Black "Van Rijn, Vincent"]
[Result "1/2-1/2"]
[WhiteElo "1919"]
[BlackElo "1722"]

1. e4 {[%clk 00:55:17]} {[%emt 00:00:03]} c6 {[%clk 00:55:10]} {[%emt
00:00:10]} 2. Nf3 {[%clk 00:55:13]} {[%emt 00:00:14]} d5 {[%clk 00:55:16]}
{[%emt 00:00:04]} 3. exd5 {[%clk 00:55:20]} {[%emt 00:00:04]} cxd5 {[%clk
00:55:24]} {[%emt 00:00:01]} 4. d4 {[%clk 00:55:25]} {[%emt 00:00:06]} Bf5
{[%clk 00:55:20]} {[%emt 00:00:14]} 5. Nc3 {[%clk 00:55:22]} {[%emt 00:00:13]}
Nf6 {[%clk 00:55:07]} {[%emt 00:00:22]} 6. Bf4 {[%clk 00:55:22]} {[%emt
00:00:10]} Nc6 {[%clk 00:54:59]} {[%emt 00:00:19]} 7. Ne5 {[%clk 00:54:58]}
{[%emt 00:00:33]} Qb6 {[%clk 00:51:23]} {[%emt 00:03:45]} 8. Bb5 {[%clk
00:52:16]} {[%emt 00:02:52]} a6 {[%clk 00:47:44]} {[%emt 00:03:50]} 9. Bxc6+
{[%clk 00:52:12]} {[%emt 00:00:14]} bxc6 {[%clk 00:47:46]} {[%emt 00:00:08]} 10.
Na4 {[%clk 00:49:55]} {[%emt 00:02:28]} Qb5 {[%clk 00:41:32]} {[%emt 00:06:22]}
11. c4 {[%clk 00:40:02]} {[%emt 00:10:04]} dxc4 {[%clk 00:36:56]} {[%emt
00:04:46]} 12. O-O {[%clk 00:39:52]} {[%emt 00:00:16]} e6 {[%clk 00:29:05]}
{[%emt 00:08:06]} 13. Rc1 {[%clk 00:37:30]} {[%emt 00:02:31]} Bd6 {[%clk
00:25:04]} {[%emt 00:04:11]} 14. Nc3 {[%clk 00:36:57]} {[%emt 00:00:42]} Qb7
{[%clk 00:22:24]} {[%emt 00:02:50]} 15. Be3 {[%clk 00:34:28]} {[%emt 00:02:39]}
Bxe5 {[%clk 00:21:35]} {[%emt 00:01:01]} 16. dxe5 {[%clk 00:34:31]} {[%emt
00:00:07]} Nd5 {[%clk 00:21:08]} {[%emt 00:00:37]} 17. Bc5 {[%clk 00:26:56]}
{[%emt 00:07:45]} Qxb2 {[%clk 00:16:12]} {[%emt 00:05:05]} 18. Nxd5 {[%clk
00:25:04]} {[%emt 00:02:03]} cxd5 {[%clk 00:15:49]} {[%emt 00:00:33]} 19. Bd6
{[%clk 00:23:43]} {[%emt 00:01:30]} Rc8 {[%clk 00:12:45]} {[%emt 00:03:14]} 20.
Qh5 {[%clk 00:18:16]} {[%emt 00:05:36]} h6 {[%clk 00:07:25]} {[%emt 00:05:31]}
21. f4 {[%clk 00:15:52]} {[%emt 00:02:34]} Be4 {[%clk 00:01:19]} {[%emt
00:06:16]} 22. Qg4 {[%clk 00:15:09]} {[%emt 00:00:53]} g6 {[%clk 00:00:50]}
{[%emt 00:00:40]} 23. Rce1 {[%clk 00:13:22]} {[%emt 00:01:57]} Kd7 {[%clk
00:00:25]} {[%emt 00:00:35]} 24. Rf2 {[%clk 00:10:50]} {[%emt 00:02:40]} Qb6
{[%clk 00:00:14]} {[%emt 00:00:23]} 25. Qh4 {[%clk 00:10:01]} {[%emt 00:00:56]}
Kc6 {[%clk 00:00:12]} {[%emt 00:00:14]} 1/2-1/2

[Event "ABC 2024 Utrecht, Groep B"]
[Site "Utrecht"]
[Date "2024.03.09"]
[Round "1.6"]
[White "Yantur, Arda"]
[Black "Heus, Daan"]
[Result "0-1"]
[WhiteElo "1731"]
[BlackElo "1936"]

1. e4 {[%clk 00:55:13]} {[%emt 00:00:06]} e5 {[%clk 00:55:11]} {[%emt
00:00:10]} 2. Bc4 {[%clk 00:55:17]} {[%emt 00:00:06]} Nc6 {[%clk 00:54:57]}
{[%emt 00:00:24]} 3. Nc3 {[%clk 00:55:19]} {[%emt 00:00:08]} Nf6 {[%clk
00:54:57]} {[%emt 00:00:10]} 4. d3 {[%clk 00:55:14]} {[%emt 00:00:15]} Bc5
{[%clk 00:54:29]} {[%emt 00:00:38]} 5. Nf3 {[%clk 00:54:43]} {[%emt 00:00:41]}
d6 {[%clk 00:54:14]} {[%emt 00:00:25]} 6. Bg5 {[%clk 00:52:26]} {[%emt
00:02:26]} Bg4 {[%clk 00:51:06]} {[%emt 00:03:18]} 7. Qd2 {[%clk 00:52:07]}
{[%emt 00:00:30]} Bxf3 {[%clk 00:50:19]} {[%emt 00:00:58]} 8. gxf3 {[%clk
00:52:05]} {[%emt 00:00:11]} Nd4 {[%clk 00:49:01]} {[%emt 00:01:28]} 9. Qd1
{[%clk 00:44:46]} {[%emt 00:07:29]} c6 {[%clk 00:47:15]} {[%emt 00:01:56]} 10.
Be3 {[%clk 00:40:40]} {[%emt 00:04:16]} Qb6 {[%clk 00:43:01]} {[%emt 00:04:25]}
11. Rb1 {[%clk 00:38:52]} {[%emt 00:01:57]} O-O-O {[%clk 00:39:31]} {[%emt
00:03:40]} 12. Bxd4 {[%clk 00:35:58]} {[%emt 00:03:04]} Bxd4 {[%clk 00:38:25]}
{[%emt 00:01:16]} 13. Qd2 {[%clk 00:35:05]} {[%emt 00:01:02]} Bxc3 {[%clk
00:36:28]} {[%emt 00:02:07]} 14. Qxc3 {[%clk 00:34:50]} {[%emt 00:00:26]} d5
{[%clk 00:33:57]} {[%emt 00:02:41]} 15. exd5 {[%clk 00:33:47]} {[%emt
00:01:12]} Nxd5 {[%clk 00:33:30]} {[%emt 00:00:37]} 16. Bxd5 {[%clk 00:33:49]}
{[%emt 00:00:09]} Rxd5 {[%clk 00:33:33]} {[%emt 00:00:07]} 17. Rg1 {[%clk
00:32:15]} {[%emt 00:01:44]} g6 {[%clk 00:31:43]} {[%emt 00:02:00]} 18. a3
{[%clk 00:23:15]} {[%emt 00:09:10]} Re8 {[%clk 00:30:42]} {[%emt 00:01:11]} 19.
Kf1 {[%clk 00:16:55]} {[%emt 00:06:30]} f5 {[%clk 00:28:09]} {[%emt 00:02:43]}
20. Re1 {[%clk 00:16:20]} {[%emt 00:00:44]} Rc5 {[%clk 00:26:40]} {[%emt
00:01:39]} 21. Qb3 {[%clk 00:13:25]} {[%emt 00:03:06]} Qxb3 {[%clk 00:26:22]}
{[%emt 00:00:29]} 22. cxb3 {[%clk 00:13:29]} {[%emt 00:00:05]} Rc2 {[%clk
00:26:01]} {[%emt 00:00:31]} 23. Re2 {[%clk 00:13:32]} {[%emt 00:00:07]} Rxe2
{[%clk 00:24:38]} {[%emt 00:01:34]} 24. Kxe2 {[%clk 00:13:33]} {[%emt
00:00:09]} Kd7 {[%clk 00:24:12]} {[%emt 00:00:35]} 25. h4 {[%clk 00:12:12]}
{[%emt 00:01:30]} Kd6 {[%clk 00:23:01]} {[%emt 00:01:22]} 26. h5 {[%clk
00:12:06]} {[%emt 00:00:17]} Rg8 {[%clk 00:21:10]} {[%emt 00:02:00]} 27. hxg6
{[%clk 00:11:42]} {[%emt 00:00:35]} hxg6 {[%clk 00:20:37]} {[%emt 00:00:42]} 28.
Rh1 {[%clk 00:11:46]} {[%emt 00:00:06]} Rg7 {[%clk 00:19:50]} {[%emt 00:00:57]}
29. Rh8 {[%clk 00:11:32]} {[%emt 00:00:24]} b6 {[%clk 00:19:13]} {[%emt
00:00:47]} 30. Rd8+ {[%clk 00:10:37]} {[%emt 00:01:05]} Ke7 {[%clk 00:17:36]}
{[%emt 00:01:48]} 31. Rc8 {[%clk 00:08:48]} {[%emt 00:01:58]} c5 {[%clk
00:17:14]} {[%emt 00:00:32]} 32. Rc7+ {[%clk 00:08:05]} {[%emt 00:00:53]} Kf6
{[%clk 00:17:14]} {[%emt 00:00:10]} 33. Rxg7 {[%clk 00:05:18]} {[%emt
00:02:57]} Kxg7 {[%clk 00:17:15]} {[%emt 00:00:08]} 34. Ke3 {[%clk 00:05:14]}
{[%emt 00:00:15]} g5 {[%clk 00:16:34]} {[%emt 00:00:51]} 35. b4 {[%clk
00:03:59]} {[%emt 00:01:26]} cxb4 {[%clk 00:16:01]} {[%emt 00:00:43]} 36. axb4
{[%clk 00:04:07]} {[%emt 00:00:01]} Kf6 {[%clk 00:15:58]} {[%emt 00:00:13]} 37.
d4 {[%clk 00:03:58]} {[%emt 00:00:19]} Ke6 {[%clk 00:15:45]} {[%emt 00:00:23]}
38. dxe5 {[%clk 00:03:42]} {[%emt 00:00:26]} Kxe5 {[%clk 00:15:42]} {[%emt
00:00:13]} 39. Kd3 {[%clk 00:03:51]} {[%emt 00:00:01]} Kf4 {[%clk 00:14:53]}
{[%emt 00:00:59]} 40. Ke2 {[%clk 00:03:49]} {[%emt 00:00:12]} b5 {[%clk
00:14:28]} {[%emt 00:00:35]} 41. Ke1 {[%clk 00:03:06]} {[%emt 00:00:53]} Kxf3
{[%clk 00:14:19]} {[%emt 00:00:19]} 42. Kf1 {[%clk 00:03:15]} {[%emt 00:00:01]}
g4 {[%clk 00:14:02]} {[%emt 00:00:27]} 43. Kg1 {[%clk 00:02:38]} {[%emt
00:00:47]} Ke2 {[%clk 00:13:33]} {[%emt 00:00:40]} 44. Kg2 {[%clk 00:02:47]}
{[%emt 00:00:01]} f4 {[%clk 00:13:24]} {[%emt 00:00:19]} 45. b3 {[%clk
00:02:36]} {[%emt 00:00:21]} a6 {[%clk 00:12:55]} {[%emt 00:00:38]} 46. f3
{[%clk 00:02:24]} {[%emt 00:00:22]} gxf3 {[%clk 00:12:55]} {[%emt 00:00:10]} 47.
Kg1 {[%clk 00:02:31]} {[%emt 00:00:03]} f2+ {[%clk 00:12:52]} {[%emt 00:00:14]}
48. Kh2 {[%clk 00:02:40]} {[%emt 00:00:01]} f3 {[%clk 00:12:32]} {[%emt
00:00:30]} 0-1

[Event "ABC 2024 Utrecht, Groep B"]
[Site "Utrecht"]
[Date "2024.03.09"]
[Round "1.7"]
[White "Teianu, Sabin"]
[Black "Roersma, Dylan"]
[Result "1-0"]
[WhiteElo "1938"]
[BlackElo "1735"]

1. d4 {[%clk 00:55:17]} {[%emt 00:00:02]} Nf6 {[%clk 00:55:17]} {[%emt
00:00:04]} 2. c4 {[%clk 00:55:22]} {[%emt 00:00:04]} e6 {[%clk 00:55:22]}
{[%emt 00:00:05]} 3. Nc3 {[%clk 00:55:29]} {[%emt 00:00:03]} d5 {[%clk
00:55:29]} {[%emt 00:00:04]} 4. Bf4 {[%clk 00:55:33]} {[%emt 00:00:04]} c6
{[%clk 00:53:42]} {[%emt 00:01:58]} 5. c5 {[%clk 00:55:38]} {[%emt 00:00:05]}
b6 {[%clk 00:53:27]} {[%emt 00:00:26]} 6. b4 {[%clk 00:55:44]} {[%emt
00:00:03]} Be7 {[%clk 00:53:15]} {[%emt 00:00:22]} 7. e3 {[%clk 00:55:42]}
{[%emt 00:00:11]} O-O {[%clk 00:53:19]} {[%emt 00:00:07]} 8. Nf3 {[%clk
00:55:49]} {[%emt 00:00:03]} Nh5 {[%clk 00:52:11]} {[%emt 00:01:18]} 9. Bxb8
{[%clk 00:55:52]} {[%emt 00:00:08]} Rxb8 {[%clk 00:52:15]} {[%emt 00:00:06]} 10.
Ne5 {[%clk 00:55:57]} {[%emt 00:00:04]} Nf6 {[%clk 00:49:33]} {[%emt 00:02:52]}
11. Nxc6 {[%clk 00:56:00]} {[%emt 00:00:07]} Qc7 {[%clk 00:49:17]} {[%emt
00:00:26]} 12. Nxb8 {[%clk 00:56:01]} {[%emt 00:00:08]} Qxb8 {[%clk 00:49:16]}
{[%emt 00:00:12]} 13. Rb1 {[%clk 00:55:11]} {[%emt 00:01:00]} e5 {[%clk
00:47:52]} {[%emt 00:01:35]} 14. Be2 {[%clk 00:54:08]} {[%emt 00:01:10]} Bf5
{[%clk 00:46:48]} {[%emt 00:01:15]} 15. Rb3 {[%clk 00:48:05]} {[%emt 00:06:13]}
Bd8 {[%clk 00:40:51]} {[%emt 00:06:08]} 16. O-O {[%clk 00:47:08]} {[%emt
00:01:07]} Bc7 {[%clk 00:40:13]} {[%emt 00:00:48]} 17. h3 {[%clk 00:44:19]}
{[%emt 00:02:58]} Qc8 {[%clk 00:38:29]} {[%emt 00:01:55]} 18. dxe5 {[%clk
00:30:16]} {[%emt 00:14:13]} Bxe5 {[%clk 00:36:25]} {[%emt 00:02:13]} 19. f4
{[%clk 00:29:49]} {[%emt 00:00:37]} Bxc3 {[%clk 00:35:44]} {[%emt 00:00:52]} 20.
Rxc3 {[%clk 00:29:52]} {[%emt 00:00:07]} Ne4 {[%clk 00:35:39]} {[%emt
00:00:16]} 21. Rc1 {[%clk 00:29:22]} {[%emt 00:00:39]} h5 {[%clk 00:27:07]}
{[%emt 00:08:43]} 22. cxb6 {[%clk 00:24:39]} {[%emt 00:04:52]} Qe6 {[%clk
00:25:13]} {[%emt 00:02:04]} 23. bxa7 {[%clk 00:16:10]} {[%emt 00:08:38]} h4
{[%clk 00:23:46]} {[%emt 00:01:38]} 24. Bg4 {[%clk 00:14:23]} {[%emt 00:01:57]}
Ng3 {[%clk 00:22:06]} {[%emt 00:01:51]} 25. Bxf5 {[%clk 00:10:13]} {[%emt
00:04:18]} Qxf5 {[%clk 00:18:17]} {[%emt 00:04:01]} 26. Re1 {[%clk 00:08:55]}
{[%emt 00:01:27]} Qd7 {[%clk 00:14:01]} {[%emt 00:04:26]} 27. Qd4 {[%clk
00:08:21]} {[%emt 00:00:43]} Qb5 {[%clk 00:13:26]} {[%emt 00:00:44]} 28. Rc5
{[%clk 00:07:57]} {[%emt 00:00:32]} Ne2+ {[%clk 00:12:55]} {[%emt 00:00:45]} 29.
Rxe2 {[%clk 00:08:02]} {[%emt 00:00:06]} Qxe2 {[%clk 00:12:59]} {[%emt
00:00:06]} 30. Qc3 {[%clk 00:07:20]} {[%emt 00:00:51]} Qa6 {[%clk 00:11:40]}
{[%emt 00:01:17]} 31. Ra5 {[%clk 00:07:22]} {[%emt 00:00:20]} Qb7 {[%clk
00:11:21]} {[%emt 00:00:30]} 32. Qc5 {[%clk 00:04:01]} {[%emt 00:03:29]} Ra8
{[%clk 00:07:16]} {[%emt 00:04:17]} 33. Qxd5 {[%clk 00:00:23]} {[%emt
00:03:48]} Qc8 {[%clk 00:05:48]} {[%emt 00:01:37]} 34. a3 {[%clk 00:00:16]}
{[%emt 00:00:17]} g6 {[%clk 00:05:13]} {[%emt 00:00:45]} 35. Qd2 {[%clk
00:00:12]} {[%emt 00:00:14]} Kh7 {[%clk 00:04:53]} {[%emt 00:00:30]} 36. Kh2
{[%clk 00:00:15]} {[%emt 00:00:07]} f6 {[%clk 00:03:34]} {[%emt 00:01:29]} 37.
Qf2 {[%clk 00:00:20]} {[%emt 00:00:03]} Qc7 {[%clk 00:02:14]} {[%emt 00:01:33]}
38. Qxh4+ {[%clk 00:00:18]} {[%emt 00:00:11]} Kg7 {[%clk 00:02:18]} {[%emt
00:00:07]} 39. Ra6 {[%clk 00:00:16]} {[%emt 00:00:12]} Qe7 {[%clk 00:02:07]}
{[%emt 00:00:20]} 40. Qf2 {[%emt 00:00:13]} Rxa7 {[%clk 00:02:09]} {[%emt
00:00:06]} 41. Rxa7 {[%clk 00:00:20]} {[%emt 00:00:06]} Qxa7 {[%clk 00:02:15]}
{[%emt 00:00:04]} 42. Qb2 {[%clk 00:00:13]} {[%emt 00:00:17]} Kf7 {[%clk
00:02:14]} {[%emt 00:00:11]} 43. Qb3+ {[%clk 00:00:18]} {[%emt 00:00:05]} Ke7
{[%clk 00:02:20]} {[%emt 00:00:03]} 44. a4 {[%clk 00:00:24]} {[%emt 00:00:06]}
Kd6 {[%clk 00:02:22]} {[%emt 00:00:07]} 45. b5 {[%clk 00:00:29]} {[%emt
00:00:04]} Qb6 {[%clk 00:02:22]} {[%emt 00:00:11]} 46. Qd3+ {[%clk 00:00:31]}
{[%emt 00:00:07]} Ke7 {[%clk 00:02:26]} {[%emt 00:00:05]} 47. Qe4+ {[%clk
00:00:39]} {[%emt 00:00:04]} Kf7 {[%clk 00:02:33]} {[%emt 00:00:02]} 48. Qd4
{[%clk 00:00:43]} {[%emt 00:00:06]} Qb7 {[%clk 00:02:34]} {[%emt 00:00:06]} 49.
e4 {[%clk 00:00:49]} {[%emt 00:00:07]} Qc7 {[%clk 00:02:23]} {[%emt 00:00:22]}
50. Qd5+ {[%clk 00:00:45]} {[%emt 00:00:13]} Ke7 {[%clk 00:02:25]} {[%emt
00:00:08]} 51. e5 {[%clk 00:00:50]} {[%emt 00:00:05]} Qc1 {[%clk 00:02:14]}
{[%emt 00:00:21]} 52. Qd6+ {[%clk 00:00:54]} {[%emt 00:00:06]} Ke8 {[%clk
00:02:21]} {[%emt 00:00:03]} 53. e6 {[%clk 00:01:02]} {[%emt 00:00:03]} Qc8
{[%clk 00:02:16]} {[%emt 00:00:14]} 54. Qd7+ {[%clk 00:01:05]} {[%emt
00:00:07]} Qxd7 {[%clk 00:02:24]} {[%emt 00:00:02]} 55. exd7+ {[%clk 00:01:13]}
{[%emt 00:00:02]} Kxd7 {[%clk 00:02:31]} {[%emt 00:00:04]} 56. g4 {[%clk
00:01:19]} {[%emt 00:00:03]} Kc7 {[%clk 00:02:37]} {[%emt 00:00:04]} 57. g5
{[%clk 00:01:23]} {[%emt 00:00:07]} f5 {[%clk 00:02:46]} {[%emt 00:00:01]} 58.
h4 {[%clk 00:01:31]} {[%emt 00:00:01]} Kb6 {[%clk 00:02:54]} {[%emt 00:00:03]}
59. h5 {[%clk 00:01:39]} 1-0

[Event "ABC 2024 Utrecht, Groep B"]
[Site "Utrecht"]
[Date "2024.03.09"]
[Round "1.8"]
[White "Gupta, Akul"]
[Black "Guillaumond, Matthieu"]
[Result "0-1"]
[WhiteElo "1735"]
[BlackElo "1948"]

1. e4 {[%clk 00:55:18]} c5 {[%emt 00:00:05]} 2. Nf3 {[%clk 00:55:10]} {[%emt
00:00:17]} d6 {[%clk 00:55:20]} {[%emt 00:00:06]} 3. d4 {[%clk 00:55:12]}
{[%emt 00:00:09]} cxd4 {[%clk 00:55:26]} {[%emt 00:00:04]} 4. Nxd4 {[%clk
00:55:15]} {[%emt 00:00:07]} Nf6 {[%clk 00:55:33]} {[%emt 00:00:03]} 5. Nc3
{[%clk 00:55:10]} {[%emt 00:00:14]} a6 {[%clk 00:55:40]} {[%emt 00:00:05]} 6.
Bc4 {[%clk 00:55:00]} {[%emt 00:00:19]} e6 {[%clk 00:55:44]} {[%emt 00:00:07]}
7. Be3 {[%clk 00:54:44]} {[%emt 00:00:24]} b5 {[%clk 00:55:05]} {[%emt
00:00:50]} 8. Bb3 {[%clk 00:54:47]} {[%emt 00:00:08]} Be7 {[%clk 00:54:40]}
{[%emt 00:00:31]} 9. f3 {[%clk 00:53:44]} {[%emt 00:01:15]} Bd7 {[%clk
00:52:55]} {[%emt 00:01:56]} 10. a3 {[%clk 00:52:25]} {[%emt 00:01:29]} O-O
{[%clk 00:51:08]} {[%emt 00:01:56]} 11. Qd2 {[%clk 00:52:17]} {[%emt 00:00:17]}
Nc6 {[%clk 00:50:45]} {[%emt 00:00:34]} 12. g4 {[%clk 00:48:15]} {[%emt
00:04:13]} Nxd4 {[%clk 00:46:41]} {[%emt 00:04:14]} 13. Bxd4 {[%clk 00:48:09]}
{[%emt 00:00:15]} Ne8 {[%clk 00:38:06]} {[%emt 00:08:45]} 14. O-O-O {[%clk
00:47:31]} {[%emt 00:00:48]} a5 {[%clk 00:36:38]} {[%emt 00:01:39]} 15. h4
{[%clk 00:38:44]} {[%emt 00:08:57]} b4 {[%clk 00:34:07]} {[%emt 00:02:41]} 16.
Nb1 {[%clk 00:38:46]} {[%emt 00:00:08]} a4 {[%clk 00:31:30]} {[%emt 00:02:45]}
17. Bc4 {[%clk 00:38:11]} {[%emt 00:00:46]} bxa3 {[%clk 00:26:05]} {[%emt
00:05:36]} 18. Nxa3 {[%clk 00:37:18]} {[%emt 00:01:03]} Rb8 {[%clk 00:23:07]}
{[%emt 00:03:08]} 19. g5 {[%clk 00:34:46]} {[%emt 00:02:42]} e5 {[%clk
00:22:18]} {[%emt 00:01:00]} 20. Bc3 {[%clk 00:33:13]} {[%emt 00:01:42]} Be6
{[%clk 00:19:25]} {[%emt 00:03:03]} 21. Bxe6 {[%clk 00:20:57]} {[%emt
00:12:26]} fxe6 {[%clk 00:19:33]} {[%emt 00:00:02]} 22. g6 {[%clk 00:20:55]}
{[%emt 00:00:12]} h6 {[%clk 00:18:43]} {[%emt 00:01:00]} 23. Qh2 {[%clk
00:16:06]} {[%emt 00:04:58]} Qb6 {[%clk 00:16:29]} {[%emt 00:02:24]} 24. Qh3
{[%clk 00:12:28]} {[%emt 00:03:47]} Nc7 {[%clk 00:15:42]} {[%emt 00:00:58]} 25.
Rd3 {[%clk 00:09:25]} {[%emt 00:03:13]} Rf4 {[%clk 00:12:53]} {[%emt 00:03:00]}
26. Qg3 {[%clk 00:08:47]} {[%emt 00:00:47]} Nb5 {[%clk 00:09:46]} {[%emt
00:03:18]} 27. Nxb5 {[%clk 00:02:27]} {[%emt 00:06:30]} Qxb5 {[%clk 00:09:53]}
{[%emt 00:00:04]} 28. Kd2 {[%clk 00:02:35]} {[%emt 00:00:01]} Qb6 {[%emt
00:04:04]} 29. Ke2 {[%clk 00:01:12]} {[%emt 00:01:31]} Qb5 {[%clk 00:04:29]}
{[%emt 00:01:42]} 30. Kd2 {[%clk 00:01:20]} Qc4 {[%clk 00:03:59]} {[%emt
00:00:41]} 31. Qf2 {[%clk 00:00:56]} {[%emt 00:00:35]} Qxe4 {[%clk 00:03:39]}
{[%emt 00:00:30]} 32. Qa7 {[%clk 00:00:54]} {[%emt 00:00:11]} Qb7 {[%clk
00:03:34]} {[%emt 00:00:15]} 33. Qf2 {[%clk 00:00:22]} {[%emt 00:00:40]} Rbf8
{[%clk 00:03:13]} {[%emt 00:00:33]} 34. Rh3 {[%clk 00:00:22]} {[%emt 00:00:10]}
e4 {[%clk 00:03:20]} {[%emt 00:00:03]} 35. Qd4 {[%clk 00:00:11]} {[%emt
00:00:21]} Bf6 {[%clk 00:03:09]} {[%emt 00:00:21]} 36. Qf2 {[%emt 00:00:11]}
0-1